Responses for show #5705 - Friday, May 29, 2009

Justin Bernbach game 7.

Contestants

[<< previous game]

Robert Kennedy, an affordable housing analyst from Sunnyside, New York

John Mariz, a foreign service officer from Bethesda, Maryland

Justin Bernbach, a lobbyist from Brooklyn, New York (whose 6-day cash winnings total $127,201)

[next game >>]

Jeopardy! Round responses

SCIENCE
BROADWAY DEBUTS
FUN WITH NUMBERS
RHYMING PRODUCT NAMES
ALEXANDER
THE "GREAT"
    $200 19
Einstein

John
    $200 28
(Will) Ferrell

John
    $200 21
1-800

John
    $200 11
Pieces

Robert
    $200 1
Macedonia

John
    $200 6
"The Greatest Show on Earth"

Justin
    $400 12
gravity

Justin
    $400 29
American Idol

Robert
    $400 22
13

John
    $400 13
Butter

Justin
    $400 2
the Gordian knot

John
    $400 7
"Great Balls Of Fire"

John
    $600 17
(John: What is a bone?)

a muscle

John
Triple Stumper
    $600 24
(Justin: Who is Fatone?)

Lance Bass

Justin
Triple Stumper
    $600 23
49ers

Robert
    $600 14
Gold

Justin
    $600 3
Philip

Justin
    $600 8
Great Bear

John
    $800 16
(Alex: You went fishing and you found it.)

smallpox

Robert
    $800 25
(Marlon) Brando

John
    $800 26
50

Robert
    $800 15
Bits

Robert
    $800 4
Persia

Robert
    $800 9
the great white shark

Robert
    $1000 18
latent energy

Triple Stumper
    $1000 30
Haley Joel Osment

Justin
    $1000 27
the 911

Justin
    $1000 20
Bubba

Justin
    $1000 5
Babylon

John
    $1000 10
All Creatures Great and Small

John

Scores at the first commercial break (after clue 16):

Justin John Robert
$2,200 $3,600 $3,400

Scores at the end of the Jeopardy! Round:

Justin John Robert
$4,600 $4,800 $5,200

Double Jeopardy! Round responses

AWARDS & HONORS
TRIBUTE ALBUMS
THINK OF ENGLAND
LITERARY TITLES
EATING PLACES
EVERYDAY ITALIAN
    $400 13
the Congressional Medal of Honor

John
    $400 1
(John: Who is Bob Marley?)

Bob Dylan

JohnRobert
    $400 14
the Thames

John
    $400 6
Zooey

Justin
    $400 23
(John: What is a café?)

a cafeteria

JohnRobert
    $400 8
(Alex: The sink is [*]--boo!)

blocked (or plugged)

Triple Stumper
    $5,000 19
Landmines

Justin
    $800 4
The Doors

Justin
    $800 15
Nottingham

John
    $800 7
Zen

John
    $800 26
a delicatessen

Justin
    $800 9
hot

Justin
    $1200 20
the Caldecott Medal

Justin
    $1200 2
John Lennon

Robert
    $1200 16
Stratford-upon-Avon

Robert
    $1200 10
Sixpence

Justin
    $1200 27
(John: What is a bistro?)

a trattoria

JustinJohn
    $1200 24
by the window

John
    $1600 21
(David) Halberstam

Justin
    $1600 3
Led Zeppelin

Justin
    $1600 17
(John: [Sighs])

Dover

John
Triple Stumper
    $1600 11
Juno

Justin
    $1600 28
(Alex: Now is the time for [*], yes indeed.)

a bistro

John
    $1600 25
three kilometers

Justin
    $2000 22
Philip Johnson

John
    $2000 5
Kiss

Justin
    $2000 18
Salisbury

Justin
    $2000 12
Monkey

Justin
    $8,000 29
a rathskeller

John
    $2000 30
an ATM

Justin

Scores at the end of the Double Jeopardy! Round:

Justin John Robert
$30,400 $16,400 $8,400

[wagering suggestions for these scores]

Final Jeopardy! Round responses

THE ACADEMY AWARDS
(Alex: [Revealing Robert's response] For East of Eden and Giant--you are correct.)
...
(Alex: [Revealing John's wager] You drop all the way down to $401--that's a highway in Canada.)
...
(Alex: [Revealing Justin's response] No, Heath won this year--he didn't receive two acting nominations.)
RobertWho is James Dean?
$8,001
JohnWho is Peter Sellars
$15,999
JustinWho is Heath Ledger?
$2,600
James Dean

Final scores:

Justin John Robert
$27,800 $401 $16,401
7-day champion: $155,001 3rd place: $1,000 2nd place: $2,000

Game dynamics:

Coryat scores:

Justin John Robert
$26,200 $10,400 $8,400
24 R
(including 1 DD),
1 W
19 R
(including 1 DD),
5 W
12 R
(including 1 DD),
0 W

Combined Coryat: $45,000

The J! Archive is created by fans, for fans. The Jeopardy! game show and all elements thereof, including but not limited to copyright and trademark thereto, are the property of Jeopardy Productions, Inc. and are protected under law. This website is not affiliated with, sponsored by, or operated by Jeopardy Productions, Inc. Join the discussion at JBoard.tv.